000 01528nam0a22003739 4500
001 RU\NLR\b_ik\12092
005 20250616224245.0
035 _a(NLR Aleph) 002086970
090 _a4911101
_c4911101
100 _a19950127d1992 |||y0rusy50 ca
101 0 _arus
102 _aRU
105 _ay |||||||||
200 1 _aIl teatro di Rossini a Roma 1812-1821
_eDebutti, musiche, artisti, librettisti, teatri
_e[Cat. della Mostra, Bibl. Vallicelliana, Roma, 22 ott. - 30 nov. 1992
_fRed. del cat.: Carla Abbamondi]
210 _aGaeta
_cIl Geroglifico
_d1992
215 _a351 c.
_cил., факс., портр., нот.
_d30
300 _aВ надзаг.: Min. per i beni culturali e ambientali. Ufficio centr. per i beni libr. e gli ist. culturali. "Bibliogr. essenziale rossiniana": c.163-170
606 0 _aРоссини, Джоакино, 1792-1868
_2nlr-sh1
606 0 _aМузыкальный театр, итальянский
_xРим
_2nlr-sh1
686 0 _aЩ313(4Ит)51-81Россини
_2rubbk
686 0 _aЩ335.413(4Ит)5-692Рим
_2rubbk
702 1 _aRossini
_bGioacchino
_f1792-1868
702 1 _aAbbamondi
_bCarla
_4340
801 0 _aRU
_bNLR
_c20011010
_gPSBO
801 1 _aRU
_bNLR
_c20011015
852 _aNLR
_bЭ
_j510/1992
942 _cBOOK
980 _aNB